Slovenská ekonomika a šoky celkovej produktivity faktorov - jednoduchý DSGE model
V príspevku autori porovnávajú cyklické vlastnosti údajov generovaných jednoduchým dynamickým stochastickým modelom všeobecnej rovnováhy so šokmi celkovej produktivity a cyklickými vlastnosťami vybraných slovenských makroekonomických údajov. Zameriavajú sa na volatilitu, sériovú koreláciu a krížovú...
Salvato in:
| Autore principale: | |
|---|---|
| Altri autori: | , |
| Natura: | Capitolo di libro |
| Lingua: | slovacco |
| Soggetti: | |
| Tags: |
Nessun Tag, puoi essere il primo ad aggiungerne!!
|
MARC
| LEADER | 00000naa$a2200000$$$4500 | ||
|---|---|---|---|
| 001 | 0297578 | ||
| 005 | 20240502074515.2 | ||
| 041 | 0 | |a slo | |
| 044 | |a SK | ||
| 245 | 1 | 0 | |a Slovenská ekonomika a šoky celkovej produktivity faktorov - jednoduchý DSGE model |c Karol Szomolányi, Martin Lukáčik, Adriana Lukáčiková |
| 520 | |a V príspevku autori porovnávajú cyklické vlastnosti údajov generovaných jednoduchým dynamickým stochastickým modelom všeobecnej rovnováhy so šokmi celkovej produktivity a cyklickými vlastnosťami vybraných slovenských makroekonomických údajov. Zameriavajú sa na volatilitu, sériovú koreláciu a krížovú koreláciu. DSGE model je riešený pomocou log-linearizačných techník. | ||
| 610 | 2 | 0 | |a modely stochastické |
| 610 | 2 | 0 | |a rovnováha dynamická |
| 610 | 2 | 0 | |a makroekonomika |
| 610 | 2 | 0 | |a produktivita |
| 100 | 1 | |a Szomolányi, Karol, 1976- | |
| 700 | 1 | |a Lukáčik, Martin, 1974- | |
| 700 | 1 | |a Lukáčiková, Adriana, 1971- | |